Manual of steel construction: allowable stress design

Saved in:
書目詳細資料
格式: 圖書
語言:英语
出版: Chicago American Institute of Steel Construction 1992
版:2a. ed
主題:
標簽: 添加標簽
沒有標簽, 成為第一個標記此記錄!

MARC

LEADER 00000nam a2200000 a 4500
001 UCN1090
003 CL-VaPUC
008 010420e19920000US |||||||||||||||||eng|d
082 0 4 |a 624.182  |b MAN  |2 21 
245 1 0 |a Manual of steel construction: allowable stress design 
250 |a 2a. ed 
300 |a v 
942 |c BK 
945 |d 20010420 00:00:00  |a cmena 
260 |a Chicago  |b American Institute of Steel Construction  |c 1992 
500 |a v.2: connections 
650 7 |a DISEÑO ESTRUCTURAL DE METALES  |2 CL-VaPUC  |9 456486 
650 0 |a Normalización  |9 262666 
650 7 |a NORMAS AISC  |2 CL-VaPUC  |9 456487 
650 7 |a TUBERIAS METALICAS  |2 CL-VaPUC  |9 456488 
650 0 |a Propiedades mecánicas   |9 262507 
650 0 |a Resistencia de materiales  |9 260095 
583 |a last modification  |c 20010420 00:00:00  |k Rodrigo Vera 
999 |c 294674  |d 294672 
952 |0 0  |1 0  |4 0  |6 624_182000000000000_MAN_1992  |7 0  |8 F  |9 347329  |a BIBING  |b BIBING  |d 2019-11-20  |h v.2  |i 3710343  |o 624.182 MAN 1992  |p 3710343  |r 2025-01-20  |w 2019-11-20  |y BK_F  |k CCL 
952 |0 0  |1 0  |4 0  |6 624_182000000000000_MAN_1992  |7 0  |8 F  |9 347330  |a BIBING  |b BIBING  |d 2019-11-20  |h v.2  |i 3710351  |o 624.182 MAN 1992  |p 3710351  |r 2025-01-20  |w 2019-11-20  |y BK_F  |k CCL